Videospiele A-Z: Bildquiz - Statistiken

Allgemein
  • Dieses Quiz wurde 682 mal gespielt
  • Das Durchschnittsergebnis liegt bei 14 aus 26
Antwortstatistiken
Bildquiz Hint Antwort % Korrekt
G Grand Theft Auto: San Andreas
98%
A Among Us
97%
M Minecraft
96%
I Indiana Jones und der große Kreis
80%
R Red Dead Redemption 2
80%
E Elden Ring
79%
T Tomb Raider
79%
P Portal
74%
S Sims
74%
L Legend of Zelda: Breath of the Wild
69%
C Crash Bandicoot
67%
D Doom
66%
N Nintendogs
62%
F Fallout 4
60%
W Worms Armageddon
52%
H Hollow Knight
51%
U Undertale
47%
B Balatro
45%
Y Yoshi's New Island
44%
X Xenoblade Chronicles 3
37%
K Kirby's Dreamland
15%
Q Q*bert
11%
O Ōkami
10%
V Virtua Fighter
6%
Z Zuma Deluxe
6%
J Jazz Jackrabbit
2%
Keine übereinstimmenden Quizze gefunden
Verteilung der Resultate
Anzahl Personen mit jedem Resultat
Perzentil nach korrekt beantworteten Fragen
Ihre Resultats-Entwicklung
Sie haben dieses Quiz noch nicht gespielt